000 01161nam a2200301 i 4500
003 EG-ScBUE
005 20250518084259.0
008 250507s2002 enka f b 001 0 eng d
020 _a0521594162
020 _a9780521594165
040 _aEG-ScBUE
_beng
_erda
_cEG-ScBUE
_dEG-ScBUE
082 0 4 _a532.050285
_bCHU
_222
100 1 _aChung, T. J.,
_eauthor.
245 1 0 _aComputational fluid dynamics /
_cT. J. Chung, University of Alabama in Huntsville.
264 1 _aCambridge :
_bCambridge University Press,
_c2002.
300 _axxiii, 1012 pages :
_billustrations ;
_c26 cm
336 _2rdacontent
_atext
_btxt
337 _aunmediated
_2rdamedia
_bn
338 _avolume
_bnc
_2rdacarrier
500 _aIncludes Appendices.
504 _aIncludes bibliographical references and index.
650 7 _aFluid dynamics
_xData processing.
_2BUEsh
655 _vReading book
856 4 1 _3Sample text
_uhttp://www.loc.gov/catdir/samples/cam033/00054671.html
856 4 1 _3Publisher description
_uhttp://www.loc.gov/catdir/description/cam021/00054671.html
856 4 1 _3Table of contents
_uhttp://www.loc.gov/catdir/toc/cam025/00054671.html
942 _cBB
_2ddc
999 _c170
_d170